|
|
|
|
| LEADER |
00744nam a22001691a 4500 |
| 020 |
|
|
|a 9788178240107
|
| 082 |
|
|
|a 720.954
|b MON/A
|
| 245 |
|
|
|a Architecture in medieval India:
|b forms ,contexts,histories/
|c by Monica Juneja (ed.)
|
| 260 |
|
|
|a Delhi:
|b Permanent Black,
|c 2001.
|
| 300 |
|
|
|a 640p.
|
| 650 |
|
|
|a Architecture India
|9 81001
|
| 650 |
|
|
|a Arts
|9 81002
|
| 700 |
|
|
|a Monica Juneja (ed.)
|9 81003
|
| 942 |
|
|
|c BK
|
| 999 |
|
|
|c 2814
|d 2814
|
| 952 |
|
|
|0 0
|1 0
|4 0
|6 720_954000000000000_MON_A
|7 0
|9 4310
|a SSUS
|b SSUS
|d 2015-01-08
|g 1095.00
|l 5
|o 720.954 MON/A
|p 030070
|r 2019-10-09
|s 2019-10-05
|v 0.00
|w 2015-01-08
|y BK
|
| 952 |
|
|
|0 0
|1 0
|4 0
|6 720_954000000000000_MON_A
|7 0
|9 4311
|a SSUS
|b SSUS
|d 2015-01-08
|g 0.00
|l 3
|o 720.954 MON/A
|p 042818
|r 2018-09-11
|s 2018-08-13
|v 0.00
|w 2015-01-08
|y BK
|